000 00454nam a22001817a 4500
005 20260604113633.0
008 260604b |||||||| |||| 00| 0 eng d
020 _a9780415778985
_c1027.14
040 _aMAIN
041 _aEnglish
082 _a658.872
_bVAN
100 _aVanHoose, David D. V.
_927010
245 _aE Commerce Economics
260 _aLondon
_bRoutledge
_c2011
300 _a469
650 _aCommerce (PM USHA)
_926705
942 _cBK
999 _c60992
_d60992